| Tag |
First Indicator |
Second Indicator |
Subfields |
| LEADER |
00000cam a2200000 a 4500 |
| 001 |
in00000009817 |
| 005 |
20151007051550.0 |
| 008 |
870812s1987 enka b 00110 eng d |
| 010 |
|
|
|a gb 87023530
|
| 015 |
|
|
|a GB87-23530
|
| 020 |
|
|
|a 0124042406 :
|c £18.50
|
| 035 |
|
|
|a (OCoLC)16095499
|
| 035 |
|
|
|9 AAA3643AM
|
| 040 |
|
|
|a UKM
|c UKM
|d TXA
|d UtOrBLW
|
| 049 |
|
|
|a TXAM
|c [A12642695]
|
| 050 |
1 |
0 |
|a QP55
|
| 050 |
|
4 |
|a QP55
|b .K46 1987
|
| 082 |
0 |
|
|a 591.1/028
|a 591.5
|2 19
|
| 100 |
1 |
|
|a Kenward, Robert.
|
| 245 |
1 |
0 |
|a Wildlife radio tagging :
|b equipment, field techniques and data analysis /
|c Robert Kenward.
|
| 264 |
|
1 |
|a London ;
|a Orlando :
|b Academic Press,
|c 1987.
|
| 300 |
|
|
|a x, 222 pages :
|b illustrations ;
|c 24 cm.
|
| 336 |
|
|
|a text
|b txt
|2 rdacontent
|
| 337 |
|
|
|a unmediated
|b n
|2 rdamedia
|
| 338 |
|
|
|a volume
|b nc
|2 rdacarrier
|
| 490 |
1 |
|
|a Biological techniques series
|
| 504 |
|
|
|a Bibliography: pages 179-192.
|
| 500 |
|
|
|a Includes index.
|
| 650 |
|
0 |
|a Telemeter (Physiological apparatus)
|
| 650 |
|
0 |
|a Electronics in biology.
|
| 650 |
|
0 |
|a Tracking and trailing.
|
| 830 |
|
0 |
|a Biological techniques series.
|
| 999 |
|
|
|a MARS
|
| 999 |
f |
f |
|s 86d0ec94-d170-3d41-9004-ea1be227db05
|i c2761a83-537a-38af-a168-632aebba477b
|t 0
|
| 952 |
f |
f |
|p ric
|a Texas A&M University
|b Rellis Campus
|c Joint Library Facility
|d Remote Storage
|t 0
|e QP55 .K46 1987
|h Library of Congress classification
|i unmediated -- volume
|m A14812642695
|
| 998 |
f |
f |
|a QP55 .K46 1987
|t 0
|l Remote Storage
|